Central Library OPAC University of Rajshahi

Empires of the Silk Road : (Record no. 83925)

MARC details
000 -LEADER
fixed length control field 00779nam a2200229 a 4500
001 - CONTROL NUMBER
control field 83925
003 - CONTROL NUMBER IDENTIFIER
rucl marc code BD-RjUL
005 - DATE AND TIME OF LATEST TRANSACTION
control field 20240627110810.0
008 - FIXED-LENGTH DATA ELEMENTS--GENERAL INFORMATION
fixed length control field 240627r20112009nju||||| |||| 00| 0 eng d
020 ## - INTERNATIONAL STANDARD BOOK NUMBER
International Standard Book Number 9780691150345
035 ## - SYSTEM CONTROL NUMBER
System control number (BD-RjUL)83925
040 ## - CATALOGING SOURCE
Original cataloging agency BD-RjUL
Language of cataloging eng
Transcribing agency BD-RjUL
041 ## - LANGUAGE CODE
Language code of text/sound track or separate title eng
082 ## - DEWEY DECIMAL CLASSIFICATION NUMBER
Edition number 23
Classification number 958
Author mark and year BEE 2011
100 ## - MAIN ENTRY--PERSONAL NAME
Personal name Beckwith, Christopher I.
9 (RLIN) 13360
245 ## - TITLE STATEMENT
Title Empires of the Silk Road :
Remainder of title a history of Central Eurasia from the Bronze Age to the present /
Statement of responsibility, etc. Christopher I. Beckwith
260 ## - PUBLICATION, DISTRIBUTION, ETC. (IMPRINT)
Place of publication, distribution, etc. New Jersey :
Name of publisher, distributor, etc. Princeton University Press,
Date of publication, distribution, etc. ©2009 [printing 2011]
300 ## - PHYSICAL DESCRIPTION
Pagination xxv, 472 pages :
Illustrations ill.;
Size 22 cm.
504 ## - BIBLIOGRAPHY, ETC. NOTE
Bibliography, etc Includes bibliographical references and index.
650 ## - SUBJECT ADDED ENTRY--TOPICAL TERM
Topical term or geographic name as entry element Asia, Central History
9 (RLIN) 13361
942 ## - ADDED ENTRY ELEMENTS (KOHA)
Source of classification or shelving scheme Dewey Decimal Classification
Koha item type Books
Holdings
Lost status Source of classification or shelving scheme Damaged status Not for loan Collection code Permanent Location Current Location Shelving location Date acquired Source of acquisition Cost, normal purchase price Total Checkouts Full call number Date last seen Copy number Koha item type
  Dewey Decimal Classification   Not For Loan Non-fiction Central Library, University of Rajshahi Central Library, University of Rajshahi Reading Room 25/02/2024 Dhaka : Book Finder 2135.00   958 BEE 2011 27/06/2024 C-1 Books
  Dewey Decimal Classification     Non-fiction Central Library, University of Rajshahi Central Library, University of Rajshahi General Stacks 25/02/2024 Dhaka : Book Finder 2135.00   958 BEE 2011 27/06/2024 C-2 Books
  Dewey Decimal Classification     Non-fiction Central Library, University of Rajshahi Central Library, University of Rajshahi General Stacks 25/02/2024 Dhaka : Book Finder 2135.00   958 BEE 2011 27/06/2024 C-3 Books